Estudio social de la ciencia y la tecnologa̕ desde Amřica Latina

Bibliographic Details
Main Author: Arellano Hernǹdez, Antonio
Other Authors: Kreimer, Pablo
Format: eBook
Language:Spanish
Published: Bogot:̀ Siglo del Hombre Editores, 2011
Subjects:
Online Access:Acceso restringido

MARC

LEADER 00000nam a22000007a 4500
005 20210429212716.0
007 cr|||| ||||
008 210429s2011 co |||||s|||| 00||0 spa d
020 |a 978-958-665-183-7 
035 |a 33190 
040 |a vLex 
090 |c 11560  |d 11560 
100 1 |a Arellano Hernǹdez, Antonio 
245 1 0 |a Estudio social de la ciencia y la tecnologa̕ desde Amřica Latina  |h [Recurso electrn̤ico] /  |c Antonio Arellano Hernǹdez, Pablo Kreimer 
256 |a Servicio en ln̕ea 
260 |a Bogot:̀  |b Siglo del Hombre Editores,  |c 2011 
300 |a 1 recurso electrn̤ico 
500 |a Este libro tiene dos objetivos: en primer lugar, poner en escena los aportes y las propuestas desarrolladas por un conjunto de investigadores latinoamericanos sobre diversos temas en torno al estudio de las relaciones entre la ciencia, la tecnologa̕ y la sociedad (CTS); y en segundo lugar, mostrar algunas avenidas para las que transcurrirǹ los esfuerzos de investigacion en la regin̤, tratando de profundizar los debates vigentes y de enriquecer la agenda de discusin̤ de los estudios CTS, y dar cuenta de las modificaciones del campo CTS en la regin̤ en třminos de los abordajes posdisciplinarios y de la fuerte integracin̤ conceptual y empr̕ica de los diversos m̀bitos. 
506 1 |a Disponible solo en los productos indicados  |d vLex Global  |d vLex Global (Academic Edition, excluding Law Schools)  |d vLex Global (U.S. Academic Edition, Law Schools)  |d vLex Global (U.S. Academic Edition, excluding Law Schools)  |d vLex Global (Academic Edition, Law Schools) 
650 0 4 |a Ciencias sociales  |z Colombia 
650 0 4 |a Humanidades  |z Colombia 
700 1 |a Kreimer, Pablo 
740 0 |a vLex Libros (Servicio en ln̕ea) 
856 4 0 |u https://vlex.com/source/estudio-social-de-la-ciencia-y-la-tecnologia-desde-america-latina-33190  |z Acceso restringido 
942 |c BOOK 
999 0 |a Social Sciences 
999 0 |a Humanities